I tribunalli dell'impero. Relazioni del Convegno Internazionale di Diritto Romano (Copanello, 7-10 giugno 2006)
Saved in:
| Main Author: | |
|---|---|
| Format: | Book |
| Language: | Italian |
| Published: |
Milán, Italia
Giuffrè Editore
2015
|
| Series: | Università degli Studi Magna Graecia di Catanzaro
|
| Subjects: | |
| Tags: |
Add Tag
No Tags, Be the first to tag this record!
|
MARC
| LEADER | 00000cam a2200000 a 4500 | ||
|---|---|---|---|
| 001 | UCC8557 | ||
| 003 | CL-VaPUC | ||
| 005 | 20220111140901.0 | ||
| 008 | 190712e20150000it 1 ita d | ||
| 999 | |c 384975 |d 384973 | ||
| 020 | |a 9788814190551 | ||
| 040 | |c Pontificia Universidad Católica de Valparaíso | ||
| 082 | 0 | 4 | |a 340.54 MIL 2015 |2 21 |
| 100 | |a Milazzo, Francesco |e autor |9 38 | ||
| 245 | 1 | 2 | |a I tribunalli dell'impero. |b Relazioni del Convegno Internazionale di Diritto Romano (Copanello, 7-10 giugno 2006) |
| 260 | |a Milán, Italia |b Giuffrè Editore |c 2015 | ||
| 300 | |a 254 páginas | ||
| 440 | |a Università degli Studi Magna Graecia di Catanzaro |n 21 |9 856802 | ||
| 518 | |p Convegno Internazionale di Diritto Romano, 1, Copanello, 7-10 giugno 2006 | ||
| 536 | |a Università degli Studi Magna Graecia di Catanzaro | ||
| 546 | |a En Italiano | ||
| 583 | |a last modification |c 20190909 09:27:05 |k Rodrigo Vera | ||
| 650 | 0 | 0 | |a Derecho romano |9 255930 |
| 650 | 0 | 0 | |a Historia del derecho |9 255109 |
| 650 | 0 | 0 | |a Retórica |9 266620 |
| 650 | 0 | 0 | |a Filosofía del derecho |9 255050 |
| 852 | |a BIBDER | ||
| 942 | |c BK |2 ddc | ||
| 945 | |a dcastane |d 20190712 00:10:00 | ||
| 952 | |0 0 |1 0 |3 erb |4 0 |6 340_540000000000000_MIL_2015 |7 0 |8 DER_ROM |9 507989 |a BIBDER |b BIBDER |d 2019-07-09 |e 2 |g 41505.00 |i 5555442 |o 340.54 MIL 2015 |p 5555442 |r 2020-01-23 |v 41505.00 |w 2020-01-23 |x Ubicación 4to piso |y BK |z Este recurso debe solicitarse con anticipación |k DER | ||